The Jungle Book (Record no. 171)

MARC details
000 -LEADER
fixed length control field 00272nam a22001097a 4500
008 - FIXED-LENGTH DATA ELEMENTS--GENERAL INFORMATION
fixed length control field 160621b xxu||||| |||| 00| 0 eng d
100 ## - MAIN ENTRY--PERSONAL NAME
9 (RLIN) 212
Personal name Kipling, R
245 ## - TITLE STATEMENT
Title The Jungle Book
260 ## - PUBLICATION, DISTRIBUTION, ETC. (IMPRINT)
Place of publication, distribution, etc. Hydrabad
Name of publisher, distributor, etc. Orient Longman
Date of publication, distribution, etc. 2006
300 ## - PHYSICAL DESCRIPTION
Extent The Jungle Book
942 ## - ADDED ENTRY ELEMENTS (KOHA)
Source of classification or shelving scheme Dewey Decimal Classification
Koha item type BOOK
Holdings
Withdrawn status Lost status Source of classification or shelving scheme Damaged status Not for loan Home library Current library Shelving location Date acquired Total Checkouts Full call number Barcode Date last seen Date last checked out Price effective from Koha item type
    Dewey Decimal Classification     Good Samaritan School Library Good Samaritan School Library   06/21/2016 1 823 KIP500 08/24/2018 08/10/2018 06/21/2016 BOOK

Powered by Koha